003070000a22001210004500060000800000082001600008100001800024245002500042260005200067260000900119300000800128650004900136 a100 a581.012 BEN aBonson, Lyman aPlant classification aNew Delhi, Oxford & IBH publishing co. pvt. ltd c1957 a688 aGymnosperms/ Pteridophytes/ Flowering Plant